| Tag |
First Indicator |
Second Indicator |
Subfields |
| LEADER |
00000cgm a2200000Ma 4500 |
| 001 |
in00005576607 |
| 006 |
m o c |
| 007 |
cr |n||||||||a |
| 007 |
vz |za|z| |
| 008 |
141209s2004 cau060 e o vueng d |
| 005 |
20241201232359.9 |
| 035 |
|
|
|a (OCoLC)ocn904564051
|
| 040 |
|
|
|a ALSTP
|b eng
|e pn
|c ALSTP
|d OCLCO
|d OCLCF
|d OCP
|d OCLCQ
|d OCLCO
|d OCLCQ
|d UOK
|d WYU
|d UPM
|d OCLCO
|d OCLCL
|
| 035 |
|
|
|a (OCoLC)904564051
|
| 043 |
|
|
|a n-us-ca
|
| 082 |
1 |
4 |
|a [E]
|
| 049 |
|
|
|a TXAM
|
| 245 |
0 |
0 |
|a Counting sheep :
|b restoring the Sierra Nevada bighorn /
|c produced by Frank Green.
|
| 260 |
|
|
|a Mill Valley, CA :
|b Green Planet Films,
|c [2004]
|
| 300 |
|
|
|a 1 online resource (60 min.).
|
| 306 |
|
|
|a 005909
|
| 336 |
|
|
|a two-dimensional moving image
|b tdi
|2 rdacontent
|
| 337 |
|
|
|a computer
|b c
|2 rdamedia
|
| 338 |
|
|
|a online resource
|b cr
|2 rdacarrier
|
| 490 |
0 |
|
|a Environmental studies in video
|
| 500 |
|
|
|a Title from resource description page (viewed December 09, 2014).
|
| 520 |
|
|
|a Counting Sheep chronicles the struggle for survival of the wild Sierra Nevada bighorn sheep, a majestic emblem of American wilderness. Shot and produced over the course of twelve years, Counting Sheep captures the plight of the Sierra bighorn with dynamic interviews and exquisite footage.
|
| 546 |
|
|
|a In English.
|
| 586 |
|
|
|a Won 2006 Emmy Awards, Best Documentary
|
| 586 |
|
|
|a Won 2006 Emmy Awards, Best Cinematography
|
| 586 |
|
|
|a Won 2004 Wild & Scenic Film Festival People's Choice Award
|
| 508 |
|
|
|a Directed by Frank Green.
|
| 511 |
0 |
|
|a Narrated by Diane Baker.
|
| 650 |
|
0 |
|a Animals
|z California.
|
| 650 |
|
0 |
|a Bighorn sheep
|z California.
|
| 650 |
|
0 |
|a Puma
|z California.
|
| 650 |
|
6 |
|a Mouflon d'Amérique
|z Californie.
|
| 650 |
|
6 |
|a Couguar
|z Californie.
|
| 650 |
|
7 |
|a Animals.
|2 fast
|0 (OCoLC)fst00809468
|
| 650 |
|
7 |
|a Bighorn sheep.
|2 fast
|0 (OCoLC)fst00831642
|
| 650 |
|
7 |
|a Puma.
|2 fast
|0 (OCoLC)fst01083962
|
| 651 |
|
7 |
|a California.
|2 fast
|0 (OCoLC)fst01204928
|1 https://id.oclc.org/worldcat/entity/E39PBJt8p3GDkhpJkC9y6FY3wC
|
| 655 |
|
7 |
|a Documentary films.
|2 fast
|0 (OCoLC)fst01710390
|
| 655 |
|
7 |
|a Documentary films.
|2 lcgft
|
| 655 |
|
7 |
|a Documentaires.
|2 rvmgf
|
| 700 |
1 |
|
|a Green, Frank.
|4 pro
|
| 710 |
2 |
|
|a Green Planet Films.
|
| 856 |
4 |
0 |
|u http://proxy.library.tamu.edu/login?url=https://www.aspresolver.com/aspresolver.asp?AVN2;2451991
|z Connect to this streaming video (Alexander Street Press)
|t 0
|
| 955 |
|
|
|a Alexander Street Press subscription streaming video
|
| 994 |
|
|
|a 92
|b TXA
|
| 999 |
f |
f |
|s c1817b8f-2c34-4a1c-ab00-d7180ad87a84
|i 179d14f0-434b-4e20-854c-4b91bfa46b01
|t 0
|
| 952 |
f |
f |
|a Texas A&M University
|b College Station
|c Electronic Resources
|d Available Online
|t 0
|h Library of Congress classification
|
| 998 |
f |
f |
|t 0
|l Available Online
|